LIBRARY & INFORMATION CENTRE, KCAET, TAVANUR

ONLINE PUBLIC ACCESS CATALOGUE (OPAC)

Machine tool operation / (Record no. 518)

MARC details
000 -LEADER
fixed length control field 00490cam a2200193ua 4500
041 ## - LANGUAGE CODE
Language code of text/sound track or separate title eng
082 ## - DEWEY DECIMAL CLASSIFICATION NUMBER
Classification number 621.9
Item number BUR/MA
100 ## - MAIN ENTRY--AUTHOR NAME
Personal name Burghardt, Henry D .
245 ## - TITLE STATEMENT
Title Machine tool operation /
250 ## - EDITION STATEMENT
Edition statement 10 /
260 ## - PUBLICATION, DISTRIBUTION, ETC. (IMPRINT)
Place of publication New York :
Name of publisher Mc Graw Hill Book Company ,
Year of publication 1954.
300 ## - PHYSICAL DESCRIPTION
Number of Pages 681 ; .
700 1# - ADDED ENTRY--PERSONAL NAME
Personal name Anderson, James .
700 1# - ADDED ENTRY--PERSONAL NAME
Personal name Axelord, Aaron.
942 ## - ADDED ENTRY ELEMENTS (KOHA)
Koha item type Books
Holdings
Withdrawn status Lost status Damaged status Home library Current library Date acquired Full call number Accession Number Koha item type Public note
Withdrawn     KAUAET KAUAET 07/04/2012 621.9 9172 Books Deleted
free website counter